000
00201nam a2200073Ia 4500
008
170620s9999 xx 000 0 und d
100
_a
Sharma- R. A.
245
0
_a
Fundamentals of Teaching English
260
_b
Meerut- Surya Publications
999
_c
24009
_d
24009